Daredevil Characters by Photos - Statistics

General Stats
  • This quiz has been taken 157 times
  • The average score is 12 of 16
Answer Stats
Picture Answer % Correct
Matt Murdock/ Daredevil
99%
Foggy Nelson
98%
Kingpin/ Wilson Fisk
98%
Karen Page
95%
Stick
93%
Elektra Natchios
91%
Punisher
88%
Vanessa Fisk
88%
Ben Urich
81%
Claire Temple
74%
Jack Murdock
60%
Agent Nadeem
57%
James Wesley
57%
Maggie Murdock
54%
Pointdexter
40%
Mitchell Ellison
19%
No matching quizzes found
Score Distribution
Percent of People with Each Score
Percentile by Number Answered
Your Score History
You have not taken this quiz